Soviet Second Secretaries - Statistics

General Stats
  • This quiz has been taken 3 times
  • The average score is 9 of 17
Answer Stats
Hint Answer % Correct
1948-1952 Georgy Malenkov
100%
1982 Konstantin Chernenko
100%
1982-1984 Konstantin Chernenko
100%
1964 Leonid Brezhnev
100%
1984-1985 Mikhail Gorbachev
100%
1952-1953 Nikita Khrushchev
100%
1930-1939 Lazar Kaganovich
67%
1922-1930 Vyacheslav Molotov
67%
1982 Yuri Andropov
67%
1939-1948 Andrei Zhdanov
33%
1953-1957 Mikhail Suslov
33%
1965-1982 Mikhail Suslov
33%
1964-1965 Nikolai Podgorny
33%
1957-1960 Alexei Kirichenko
0%
1960-1963 Frol Kozlov
0%
1990-1991 Vladimir Ivashko
0%
1985-1990 Yegor Ligachyov
0%
No matching quizzes found
Score Distribution
Percent of People with Each Score
Percentile by Number Answered
Your Score History
You have not taken this quiz